000 01205cam a2200253 i 4500
003 SA-RiAUC
005 20260113133046.0
008 260105s1909 pk g 000r0 ara c
040 _aSA-RiAUC
_bara
_cSA-RiAUC
_erda
082 0 4 _a262
_qSA-RiAUC
090 _aم ن 262
_bد ج ا
100 1 _aالدجاني القشاشي، أحمد بن محمد بن يونس،
_dتوفي 1071 هجري
_eمؤلف.
245 1 2 _aالسمط المجيد في شأن البيعة والذكر وتلقينة وسلاسل أهل التوحيد /
_cتأليف صفي الدين أحمد بن محمد بن عبد النبي الأنصاري المدني الدجاني الشهير بالقشاش.
250 _aالطبعة الأولى.
264 1 _aحيدرآباد، باكستان :
_bمجلس دائرة المعارف العثمانية،
_c[1909]
300 _a165 صفحة ؛
_c29 سم
336 _aنص
_btxt
_2rdacontent
_3كتاب
337 _aبدون وسيط
_bn
_2rdamedia
338 _aمجلد
_bnc
_2rdacarrier
650 7 _aالأدعية والأوراد
_2aucsh
650 7 _aالتصوف الإسلامي
_2aucsh
942 _2ddc
_cRBOOK COPY
_n0
949 _aSA-JeALM
_d260105
_umohamedma123
_n1
999 _c14028
_d14028